01499cam a2200409 i 4500001000500000005001700005020001800022040012000040050001400160082001100174100003900185245005000224260004900274300004600323490002300369505000800392520008700400521002000487521002000507650002800527650002800555650003300583650001900616650001900635650002400654650002600678650004100704650003600745650003600781655003200817655002600849655003400875655003800909655004500947655004400992655005301036328420240223112510.0 a9780064440202 aYDXbengcYDXerdaerdadOCLCQdJFLdOQXdOCLCFdOCLCQdOCLCOdZGRdIULdFLMdUTWdCNWPUdWANdFBPdVVWdOCLCOdDLC00aPZ7.L779504a813.541 aLobel, Arnoldeauthoreillustrator10aFrog and Toad are friends /cby Lobel, Arnold aNew York : bHarperCollinsPublishers ,c1970 a64 pages :bcolor illustrations ;c24 cm. aAn I can read book aJ  aFrog and Toad spend their days together, but find sometimes it's nice to be alone. a490 bLexile  aJ bRaz-Plus  0aFrogsvJuvenile fiction 0aToadsvJuvenile fiction 0aFriendshipvJuvenile fiction 1aFrogsvFiction 1aToadsvFiction 1aFriendshipvFiction 1aAnimal fiction2lcgft 7aFriendship2fast0(OCoLC)fst00935174 7aFrogs2fast0(OCoLC)fst00935308 7aToads2fast0(OCoLC)fst01151755 0aPicture books for children. 7aPicture books.2lcgft 7aReaders (Publications)2lcgft 7aFiction2fast0(OCoLC)fst01423787 7aJuvenile works2fast0(OCoLC)fst01411637 7aPicture books2fast0(OCoLC)fst01726789 7aReaders (Publications)2fast0(OCoLC)fst01919959